000 00523nam a2200217Ia 4500
003 OSt
005 20250806132431.0
008 210210b2005 xxu||||| |||| 00| 0 eng d
040 _cAL
041 _aeng
082 _a576.163 MARA
100 _aElmer H Marth
_9213993
245 _aApplied dairy microbiology Rev Ed 2
250 _a2
260 _bNot Mentioned
_c2005
300 _axiii,744
690 _aFood Microbiology
_9213994
700 _aJames L Steele Ed
_9213995
906 _a070613
942 _2ddc
_cREF
999 _c120048
_d120048